LEADER 01318nam a2200241 4500 001 000000349863 003 CaOOAMICUS 005 20220407101403.0 008 220330s1992 it 000 u ita r 040 $aSeMil$bita 100 1 $aFerroni, Giulio,$d<1943- >.$0(OLS)http://semarc/name/115691 245 10$aStoria della letteratura italiana /$cGiulio Ferroni. 264 3$aMilano :$bEinaudi scuola,$c1992. 300 $a4 v. ;$c25 cm 650 4$aLetteratura italiana - Antologie.$0(OLS)http://semarc/subject/2248 650 4$aLetteratura italiana - Storia.$0(OLS)http://semarc/subject/541 774 0 $aFerroni, Giulio <1943- >$t1: Dalle origini al Quattrocento.$dMilano : Einaudi scuola, 1992.$b4. ed$z88-286-0073-X$w()349864 774 0 $aFerroni, Giulio <1943- >$tDal Cinquecento al Settecento.$dMilano : Einaudi scuola, 1992.$b2. ed$z88-286-0074-8$w()349865 774 0 $aFerroni, Giulio <1943- >$t3: Dall'Ottocento al Novecento.$dMilano : Einaudi scuola, 1992.$b2. ed$z88-286-0075-6$w()349866 774 0 $aFerroni, Giulio <1943- >$t4: Il Novecento.$dMilano : Einaudi scuola, 1992.$b2. ed$z88-286-0076-4$w()349867 996 $6245$aStoria della letteratura italiana$9(OLS)http://semarc/title/2503 996 $6264$aMilano :$bEinaudi scuola$9(OLS)http://semarc/publisher/34175 LEADER 00854nam a2200229 i 4500 001 000000209866 003 CaOOAMICUS 005 20120227000000.0 008 120227s1966 it u000 u ita u 013 $a188657 040 $aSeMil$bita 100 1 $aChesterton, Gilbert Keith,$d<1874-1936>.$0(OLS)http://semarc/name/15565 245 13$aLa saggezza di Padre Brown /$cG.K. Chesterton. 260 $aMilano :$bGarzanti,$c1966. 300 $a219 p. ;$c18 cm. 490 0 $aGarzanti per tutti 830 0$aGarzanti per tutti.$0(OLS)http://semarc/title/23755 850 $aSeMil 852 $aSeMil$W1$xVenegono$y1$m1V I 196$j160317$B160317$CSeMilBibl$Z2$F187454 $81 961 $aLascito: Calori don Carlo 996 $6245$aLa saggezza di Padre Brown$9(OLS)http://semarc/title/303394 996 $6260$aMilano :$bGarzanti$9(OLS)http://semarc/publisher/29852